| 000 | 00736cam a2200301ua 4500 | ||
|---|---|---|---|
| 020 |
_a81-86321-15-2 _c225.00 |
||
| 041 |
_aeng _h |
||
| 082 |
_a631.1 _bMIC/PR |
||
| 100 | _aMichael, A.M. | ||
| 245 |
_aPrinciples of agricultural engineering, Vol 2 / _cA M Micheal. _hTextual Documents |
||
| 250 |
_a3 / _b. |
||
| 260 |
_aNew Delhi : _bJain Brothers , _c1999. |
||
| 300 | _a88 ; . | ||
| 365 | _a225.00 | ||
| 504 | _a | ||
| 700 | 1 | _aOjha, T.P. | |
| 942 | _cBK | ||
| 999 |
_c9924 _d9924 |
||